<?xml version="1.0" encoding="UTF-8"?>
<record
    xmlns:xsi="http://www.w3.org/2001/XMLSchema-instance"
    xsi:schemaLocation="http://www.loc.gov/MARC21/slim http://www.loc.gov/standards/marcxml/schema/MARC21slim.xsd"
    xmlns="http://www.loc.gov/MARC21/slim">

  <leader>02670nam a2200409 a 4500</leader>
  <controlfield tag="001">00177</controlfield>
  <controlfield tag="003">DO-SdBNP</controlfield>
  <controlfield tag="005">20160513113633.0</controlfield>
  <controlfield tag="007">00177</controlfield>
  <controlfield tag="008">091118s2001   dr 2001        000 0 spa d</controlfield>
  <datafield tag="020" ind1=" " ind2=" ">
    <subfield code="a">9788482613659 (v. 4)</subfield>
  </datafield>
  <datafield tag="040" ind1=" " ind2=" ">
    <subfield code="a">BPMSU</subfield>
    <subfield code="b">spa</subfield>
    <subfield code="c">BPMSU</subfield>
  </datafield>
  <datafield tag="092" ind1=" " ind2=" ">
    <subfield code="a">373.83</subfield>
    <subfield code="b">S678c   4to.    2001</subfield>
  </datafield>
  <datafield tag="245" ind1="0" ind2="0">
    <subfield code="a">Sociedad 4 ; educaci&#xF3;n m&#xE9;dia :</subfield>
    <subfield code="b">la Rep&#xFA;blica Dominicana hoy /</subfield>
    <subfield code="c">Quisqueya Lora, ... [et al.]; direcci&#xF3;n editorial Obdulia Garc&#xED;a de Escobar ; editora Margarita Castro Catrain</subfield>
  </datafield>
  <datafield tag="260" ind1=" " ind2=" ">
    <subfield code="a">Santo Domingo :</subfield>
    <subfield code="b">Santillana,</subfield>
    <subfield code="c">2001.</subfield>
  </datafield>
  <datafield tag="300" ind1=" " ind2=" ">
    <subfield code="a">239 p. :</subfield>
    <subfield code="b">il., mapas., retrs. ;</subfield>
    <subfield code="c">28 cm.</subfield>
  </datafield>
  <datafield tag="490" ind1="1" ind2=" ">
    <subfield code="a">Umbral</subfield>
  </datafield>
  <datafield tag="500" ind1=" " ind2=" ">
    <subfield code="a">Sociedad 4.  Cuarto de bachillerato .  2do. curso / Segundo ciclo</subfield>
  </datafield>
  <datafield tag="505" ind1=" " ind2=" ">
    <subfield code="t">Unidad 1.</subfield>
    <subfield code="t">Las luchas  por la democratizaci&#xF3;n --</subfield>
    <subfield code="t">Unidad 2.</subfield>
    <subfield code="t">El gobierno de Juan Bosch -- </subfield>
    <subfield code="t">Unidad 3.</subfield>
    <subfield code="t">Golpe de Estado al r&#xE9;gimen de Juan Bosch --</subfield>
    <subfield code="t">Unidad 4.</subfield>
    <subfield code="t">La lucha pol&#xED;tica y la Guerra de Abril --</subfield>
    <subfield code="t">Unidad 5.</subfield>
    <subfield code="t">Los doce a&#xF1;os de Joaquin Balaquer --</subfield>
    <subfield code="t">Unidad 6.</subfield>
    <subfield code="t">Los gobiernos desde el 1978 al 2004 --</subfield>
    <subfield code="t">Unidadd 7.</subfield>
    <subfield code="t">La divisi&#xF3;n territorial dominicana --</subfield>
    <subfield code="t">Unidad 8.</subfield>
    <subfield code="t">La poblaci&#xF3;n dominicana --</subfield>
    <subfield code="t">Unidad 9.</subfield>
    <subfield code="t">Actividades primarias y recursos naturales --</subfield>
    <subfield code="t">Unidad 10.</subfield>
    <subfield code="t">La industria y  los transportes --</subfield>
    <subfield code="t">Unidad 11.</subfield>
    <subfield code="t">Comercio externo, finanzas y turismo --</subfield>
    <subfield code="t">Unidad 12.</subfield>
    <subfield code="t">Reformas y globalizaci&#xF3;n --</subfield>
    <subfield code="t">Unidad 13.</subfield>
    <subfield code="t">Desarrollo econ&#xF3;mico y social.</subfield>
  </datafield>
  <datafield tag="505" ind1=" " ind2=" ">
    <subfield code="g">v. 1 :</subfield>
    <subfield code="t">Historia y geograf&#xED;a universal --</subfield>
    <subfield code="t">La historia y el origen de la humanidad --</subfield>
    <subfield code="t">Las primeras civilizaciones --</subfield>
    <subfield code="t">Del feudalismo al capitalismo --</subfield>
    <subfield code="t">El mundo contempor&#xE1;neo --</subfield>
    <subfield code="t">Descubre tu planeta... la tierra --</subfield>
    <subfield code="t">Geograf&#xED;a humana: poblaci&#xF3;n y espacio humanizado --</subfield>
  </datafield>
  <datafield tag="505" ind1=" " ind2=" ">
    <subfield code="g">v. 1 :</subfield>
    <subfield code="t">Historia y geograf&#xED;a universal --</subfield>
    <subfield code="t">La historia y el origen de la humanidad --</subfield>
    <subfield code="t">Las primeras civilizaciones --</subfield>
    <subfield code="t">Del feudalismo al capitalismo --</subfield>
    <subfield code="t">El mundo contempor&#xE1;neo --</subfield>
    <subfield code="t">Descubre tu planeta... la tierra --</subfield>
    <subfield code="t">Geograf&#xED;a humana: poblaci&#xF3;n y espacio humanizado --</subfield>
  </datafield>
  <datafield tag="650" ind1=" " ind2="4">
    <subfield code="a">CIENCIAS SOCIALES</subfield>
    <subfield code="x">ENSE&#xD1;ANZA SECUNDARIA</subfield>
  </datafield>
  <datafield tag="650" ind1=" " ind2="4">
    <subfield code="a">CIENCIAS SOCIALES</subfield>
    <subfield code="x">LIBROS DE TEXTOS</subfield>
  </datafield>
  <datafield tag="650" ind1=" " ind2="4">
    <subfield code="a">CIENCIAS SOCIALES</subfield>
    <subfield code="x">ESTUDIOS Y EJERCICIOS</subfield>
  </datafield>
  <datafield tag="650" ind1=" " ind2="4">
    <subfield code="a">EDUCACI&#xD3;N  SECUNDARIA</subfield>
    <subfield code="z">REP&#xDA;BLICA DOMINICANA</subfield>
  </datafield>
  <datafield tag="650" ind1=" " ind2="4">
    <subfield code="a">CIENCIAS SOCIALES</subfield>
    <subfield code="x">EDUCACI&#xD3;N SECUNDARIA</subfield>
  </datafield>
  <datafield tag="700" ind1="1" ind2=" ">
    <subfield code="a">Aybar, Ignacio</subfield>
  </datafield>
  <datafield tag="700" ind1="1" ind2="2">
    <subfield code="a">Garc&#xED;a Escobar, Obdulia,</subfield>
    <subfield code="e">ed.</subfield>
  </datafield>
  <datafield tag="700" ind1="1" ind2="2">
    <subfield code="a">Castro Catrain, Margarita,</subfield>
    <subfield code="e">ed.</subfield>
  </datafield>
  <datafield tag="830" ind1=" " ind2="0">
    <subfield code="a">Umbral</subfield>
  </datafield>
  <datafield tag="910" ind1=" " ind2=" ">
    <subfield code="a">Validado. Control de calidad MFF</subfield>
  </datafield>
  <datafield tag="930" ind1=" " ind2="1">
    <subfield code="l">BND01</subfield>
    <subfield code="m">LF1</subfield>
    <subfield code="8">20091118</subfield>
    <subfield code="f">01</subfield>
    <subfield code="p">CT</subfield>
    <subfield code="g">7859</subfield>
  </datafield>
  <datafield tag="942" ind1=" " ind2=" ">
    <subfield code="2">ddc</subfield>
    <subfield code="c">BK</subfield>
  </datafield>
  <datafield tag="952" ind1=" " ind2=" ">
    <subfield code="0">0</subfield>
    <subfield code="1">0</subfield>
    <subfield code="2">ddc</subfield>
    <subfield code="4">0</subfield>
    <subfield code="7">0</subfield>
    <subfield code="8">ESC</subfield>
    <subfield code="a">BPMET</subfield>
    <subfield code="b">BPMET</subfield>
    <subfield code="d">2016-04-11</subfield>
    <subfield code="e">Donaci&#xF3;n</subfield>
    <subfield code="l">0</subfield>
    <subfield code="o">373.83   S678c   4to.   2001</subfield>
    <subfield code="p">BPMSU16040322</subfield>
    <subfield code="r">2016-04-11</subfield>
    <subfield code="w">2016-04-11</subfield>
    <subfield code="y">BK</subfield>
  </datafield>
  <datafield tag="952" ind1=" " ind2=" ">
    <subfield code="0">0</subfield>
    <subfield code="1">0</subfield>
    <subfield code="2">ddc</subfield>
    <subfield code="4">0</subfield>
    <subfield code="7">0</subfield>
    <subfield code="8">ESC</subfield>
    <subfield code="a">BPMET</subfield>
    <subfield code="b">BPMET</subfield>
    <subfield code="d">2016-04-11</subfield>
    <subfield code="e">Donaci&#xF3;n</subfield>
    <subfield code="l">0</subfield>
    <subfield code="o">373.83   S678c   4to.   2001</subfield>
    <subfield code="p">BPMSU16040323</subfield>
    <subfield code="r">2016-04-11</subfield>
    <subfield code="t">ej. 2</subfield>
    <subfield code="w">2016-04-11</subfield>
    <subfield code="y">BK</subfield>
  </datafield>
  <datafield tag="952" ind1=" " ind2=" ">
    <subfield code="0">0</subfield>
    <subfield code="1">0</subfield>
    <subfield code="2">ddc</subfield>
    <subfield code="4">0</subfield>
    <subfield code="7">0</subfield>
    <subfield code="8">ESC</subfield>
    <subfield code="a">BPMET</subfield>
    <subfield code="b">BPMET</subfield>
    <subfield code="d">2016-04-11</subfield>
    <subfield code="e">Donaci&#xF3;n</subfield>
    <subfield code="l">0</subfield>
    <subfield code="o">373.83   S678c   4to.   2001</subfield>
    <subfield code="p">BPMSU16040324</subfield>
    <subfield code="r">2016-04-11</subfield>
    <subfield code="t">ej. 3</subfield>
    <subfield code="w">2016-04-11</subfield>
    <subfield code="y">BK</subfield>
  </datafield>
  <datafield tag="956" ind1=" " ind2=" ">
    <subfield code="a">YLOCKWARD</subfield>
    <subfield code="b">10</subfield>
    <subfield code="c">20150611</subfield>
    <subfield code="l">BND01</subfield>
    <subfield code="h">1044</subfield>
  </datafield>
  <datafield tag="956" ind1=" " ind2=" ">
    <subfield code="a">VMATEO</subfield>
    <subfield code="b">10</subfield>
    <subfield code="c">20150611</subfield>
    <subfield code="l">BMET02</subfield>
    <subfield code="h">00151</subfield>
  </datafield>
  <datafield tag="956" ind1=" " ind2=" ">
    <subfield code="a">BTAV&#xC1;REZ</subfield>
    <subfield code="b">10</subfield>
    <subfield code="c">20160411</subfield>
    <subfield code="l">BPMSU</subfield>
    <subfield code="h">00177</subfield>
  </datafield>
  <datafield tag="999" ind1=" " ind2=" ">
    <subfield code="c">9674</subfield>
    <subfield code="d">9674</subfield>
  </datafield>
</record>
